000 01421cad a22002295a 4500
001 L150485
008 100719s2010 xxkad f s 000 0 eng d
035 _a(Sirsi) u150485
041 0 _aeng
050 0 4 _a333.33 $2 18
110 2 _aCluttons
_92064
245 0 0 _aCommercial property market outlook
_b July 2010
_h[electronic resource]
260 _aLondon
_bCluttons
_c2010
490 0 _aCluttons Commercial Property Market Outlook
520 _aAfter the market correction finished in Q1 2010 values rose more slowly in Q2 2010 with yields stabilising in most markets. Reduced supply and rising occupier demand in the offfice sector are encouraging new Central London speculative development. New office building has slumped with the West End seeing the lowest level of construction activity since January 2003. Retail sales fell again in June with more tenants affected by cash flow pressures. About 13% of UK shops are vacant. CBI says manufacturing continues on the recovery path but industrial space on the market is plentiful, particularly large sheds in South Yorkshire.
590 _aKA
650 2 4 _aCLUTTONS COMMERCIAL PROPERTY MARKET OUTLOOK
651 4 _aUnited Kingdom
_y
690 _aPROPERTY-COMMERCIAL PROPERTY-COMMERCIAL PROPERTY MARKET
856 4 0 _uhttps://www.cluttons.com/clientUpload/researchIssue/CPMO%20July%202010%20pp.pdf
_zView the report (PDF file) at www.cluttons.com
942 _n0
999 _c110892
_d110892